UM Logo

Should it be a hybrid ? ; (Record no. 24527)

MARC details
000 -LEADER
fixed length control field 00864nam a22002057a 4500
003 - CONTROL NUMBER IDENTIFIER
control field OSt
005 - DATE AND TIME OF LATEST TRANSACTION
control field 20260418135122.0
008 - FIXED-LENGTH DATA ELEMENTS--GENERAL INFORMATION
fixed length control field 260327b |||||||| |||| 00| 0 eng d
040 ## - CATALOGING SOURCE
Transcribing agency 0
082 ## - DEWEY DECIMAL CLASSIFICATION NUMBER
Classification number DPer 361.3095 As41 March-December v. 34 n. 1-4
100 ## - MAIN ENTRY--PERSONAL NAME
Personal name Lee, Yih-Jiunn.
Relator term author.
9 (RLIN) 70301
245 ## - TITLE STATEMENT
Title Should it be a hybrid ? ;
Remainder of title analysis of a Taiwanese child development account scheme /
Statement of responsibility, etc. Yih-Jiunn Lee, Fen-Zhi Yao, and Hung-Sheng Lai.
260 ## - PUBLICATION, DISTRIBUTION, ETC. (IMPRINT)
Place of publication, distribution, etc. Oxfordshire, United Kingdom :
Name of publisher, distributor, etc. Routledge Taylor & Francis Group ,
Date of publication, distribution, etc. March 2024
300 ## - PHYSICAL DESCRIPTION
Extent Volume 34, pages 3-17 :
Other physical details illustration ;
Dimensions 25cm.
500 ## - GENERAL NOTE
General note Asia Pacific Journal of Social Work & Development, vol. 34, no. 1, pages 3-17, March 2024
700 ## - ADDED ENTRY--PERSONAL NAME
Personal name Lee, Yih-Jiunn.
Relator term author.
9 (RLIN) 70301
700 ## - ADDED ENTRY--PERSONAL NAME
Personal name Yao, Fen-Zhi.
Relator term author.
9 (RLIN) 70302
700 ## - ADDED ENTRY--PERSONAL NAME
Personal name Lai, Hung-Sheng.
Relator term author.
9 (RLIN) 70303
942 ## - ADDED ENTRY ELEMENTS (KOHA)
Source of classification or shelving scheme Dewey Decimal Classification
Koha item type Periodicals
Holdings
Withdrawn status Lost status Source of classification or shelving scheme Damaged status Not for loan Collection code Home library Current library Date acquired Total Checkouts Full call number Date last seen Price effective from Koha item type Public note
    Dewey Decimal Classification     Periodicals UM Digos College - LIC UM Digos College - LIC 03/27/2026   DPer 361.3095 As41 March-December v. 34 n. 1-4 03/27/2026   Periodicals Periodical Article